Mass loss and evolution of O-type stars (Record no. 6574)

MARC details
000 -LEADER
fixed length control field 00712nam a2200217Ia 4500
003 - CONTROL NUMBER IDENTIFIER
control field IN-BaIIA
008 - FIXED-LENGTH DATA ELEMENTS--GENERAL INFORMATION
fixed length control field 211028s9999 xx 000 0 eng d
020 ## - INTERNATIONAL STANDARD BOOK NUMBER
International Standard Book Number 90-277-0988-2
040 ## - CATALOGING SOURCE
Transcribing agency IIA Library
080 ## - UNIVERSAL DECIMAL CLASSIFICATION NUMBER
Universal Decimal Classification number 082.2:52
Item number IAU-S83
245 #0 - TITLE STATEMENT
Title Mass loss and evolution of O-type stars
Statement of responsibility, etc. edited by P. S. Conti and C. H. W. De Loore
260 ## - PUBLICATION, DISTRIBUTION, ETC.
Place of publication, distribution, etc. Dordrecht
Name of publisher, distributor, etc. D. Reidel Publishing
Date of publication, distribution, etc. 1979
300 ## - PHYSICAL DESCRIPTION
Extent xix, 501p.
650 ## - SUBJECT ADDED ENTRY--TOPICAL TERM
Topical term or geographic name entry element Astronomy and Astrophysics Thesaurus
650 ## - SUBJECT ADDED ENTRY--TOPICAL TERM
Topical term or geographic name entry element Early typestars
9 (RLIN) 11255
650 ## - SUBJECT ADDED ENTRY--TOPICAL TERM
Topical term or geographic name entry element Mass Loss
9 (RLIN) 3547
650 ## - SUBJECT ADDED ENTRY--TOPICAL TERM
Topical term or geographic name entry element O-Stars
9 (RLIN) 11256
700 ## - ADDED ENTRY--PERSONAL NAME
Personal name Conti, P. S., ed.
9 (RLIN) 11257
700 ## - ADDED ENTRY--PERSONAL NAME
Personal name De Loore, C. H. W., ed.
9 (RLIN) 11258
942 ## - ADDED ENTRY ELEMENTS (KOHA)
Koha item type Books
Holdings
Withdrawn status Lost status Damaged status Not for loan Home library Current library Shelving location Date acquired Total Checkouts Full call number Barcode Date last seen Price effective from Koha item type Purchase Price
        IIA Library-Bangalore IIA Library-Bangalore General Stacks 09/10/1980   082.2:52/ IAU-S83 7310 05/11/2021 09/10/1980 Books DFL 120.00

Powered by Koha